• 首页
  • 本馆介绍
  • 公告通知
  • 最新文献
  • 馆藏检索
  • 电子资源
  • 读者导购
  • 参考咨询
  • 我的图书馆
  • 登录
  • 详细信息显示
  • 放入我的书架
  • 预约/预借图书
  • 作者相关作品
  • 分类相关作品
  • 丛书相关作品
  • 出版社相关作品

书目信息

  • 表格格式
  • 工作单格式
  • 卡片格式
题名:
小型房地产开发企业会计、税务、审计一本通
    
 
作者: 吴芳 编著
分册:  
出版信息: 北京   经济科学出版社  2010
页数: 239页
开本: 24cm
丛书名:
单 册:
中图分类: F293.33 , F812.423
科图分类:
主题词: 中小企业--房地产业--会计--中国 , 中小企业--房地产业--税收管理--中国 , 中小企业--房地产业--审计--中国 , 中小企业 , 房地产业 , 会计 , 企业管理 , 税收管理 , 审计
电子资源:
ISBN: 978-7-5058-9199-9
000 01125nam0 2200337 45
001 1129230749
005 20110420101138.05
010    @a978-7-5058-9199-9@dCNY35.00
100    @a20110414d2010 em y0chiy0110 ea
101 0  @achi
102    @aCN@b110000
105    @ay z 000yy
106    @ar
200 1  @a小型房地产开发企业会计、税务、审计一本通@AXiao Xing Fang Di Chan Kai Fa Qi Ye Kuai Ji、 Shui Wu、 Shen Ji Yi Ben Tong@f吴芳编著@FWu Fang Bian Zhu
210    @a北京@c经济科学出版社@d2010
215    @a239页@d24cm
330    @a本书对小型房地产开发企业不同的经济业务的会计核算给出了操作指导,内容包括房地产开发企业与一般企业的会计比较、房地产开发企业项目开发成本的核算等。
606 0  @a中小企业@x房地产业@x会计@y中国
606 0  @a中小企业@x房地产业@x税收管理@y中国
606 0  @a中小企业@x房地产业@x审计@y中国
606 0  @a中小企业
606 0  @a房地产业
606 0  @a会计
606 0  @a企业管理
606 0  @a税收管理
606 0  @a审计
690    @aF293.33@v4
690    @aF812.423@v4
701  0 @a吴芳@AWu Fang@4编著
801  0 @aCN@bTANGWEI@c20110420
905    @b0537437-41@dF293.33@e921@f5
    
    小型房地产开发企业会计、税务、审计一本通/吴芳编著.-北京:经济科学出版社,2010
    239页;24cm
    
    
    ISBN 978-7-5058-9199-9:CNY35.00
    本书对小型房地产开发企业不同的经济业务的会计核算给出了操作指导,内容包括房地产开发企业与一般企业的会计比较、房地产开发企业项目开发成本的核算等。
●
相关链接 在E读中查询图书 在五车中查询图书 在当当中查询图书 在豆瓣中查询图书


正题名:小型房地产开发企业会计、税务、审计一本通     索取号:F293.33/921         预约/预借

序号 登录号 条形码 馆藏地/架位号 状态 备注
1 0537437   205374370   第一样本阅览室/ [索取号:F293.33/921] 在馆    
2 0537438   205374389   第一借阅区/ [索取号:F293.33/921] 在馆    
3 0537439   205374398   第一借阅区/ [索取号:F293.33/921] 在馆    
4 0537440   205374405   第一借阅区/ [索取号:F293.33/921] 在馆    
5 0537441   205374414   第一借阅区/ [索取号:F293.33/921] 在馆    
唐山师范学院图书馆 欢迎您!
大连网信软件有限公司© 版权所有